[Event "Manila ol (Men)"]
[Site "Manila PHI"]
[Date "1992.??.??"]
[Round "?"]
[White "Gofshtein, Zeev-Alon"]
[Black "Brunner, Lucas"]
[Result "1-0"]
[WhiteElo "2485"]
[BlackElo "2500"]
[PlyCount "93"]
[EventDate "1992.06.??"]
[Source "www.chesslib.no"]
[SourceDate "2004.05.04"]

1. d4 Nf6 2. c4 g6 3. Nc3 Bg7 4. e4 d6 5. f3 O-O 6. Be3 e5 7. d5 c6 8. Bd3 cxd5 9. cxd5 Nh5 10. Nge2 f5 11. exf5 gxf5 12. O-O Nd7 13. Bc2 Ndf6 14. Kh1 Bd7 15. a4 Qe7 16. Qd2 a6 17. a5 Rae8 18. Ba4 Kh8 19. Bxd7 Qxd7 20. Ra4 Rg8 21. Bg5 e4 22. Rb4 exf3 23. Rxf3 Ne4 24. Nxe4 fxe4 25. Rf1 Qg4 26. Ng1 Be5 27. Nh3 Rgf8 28. Rxf8+ Rxf8 29. Qe1 Qf5 30. Kg1 Nf6 31. Bd2 Ng4 32. Bc3 Bxc3 33. bxc3 Qe5 34. Qg3 Qxg3 35. hxg3 e3 36. Nf4 Rc8 37. c4 Ne5 38. Kf1 Rxc4 39. Rb6 Ra4 40. Rxd6 Ra1+ 41. Ke2 Ra2+ 42. Ke1 Ra1+ 43. Ke2 Ra2+ 44. Ke1 Rxa5 45. Re6 Ng6 46. d6 Kg7 47. Rxg6+ 1-0

[Event "Forli Open"]
[Site "Forli"]
[Date "1993.??.??"]
[Round "2"]
[White "Belotti, Bruno"]
[Black "Cvitan, Ognjen"]
[Result "0-1"]
[WhiteElo "2410"]
[BlackElo "2575"]
[PlyCount "64"]
[EventDate "1993.10.??"]
[Source "www.chesslib.no"]
[SourceDate "2004.05.04"]

1. d4 Nf6 2. c4 g6 3. Nc3 Bg7 4. e4 d6 5. f3 O-O 6. Be3 e5 7. d5 c6 8. Qd2 cxd5 9. cxd5 a6 10. Bd3 Nh5 11. Nge2 f5 12. exf5 gxf5 13. O-O Qe8 14. Rac1 Nd7 15. b4 Ndf6 16. b5 Kh8 17. bxa6 bxa6 18. Rb1 Rg8 19. Kh1 Qf8 20. Bc2 Bd7 21. Na4 f4 22. Bg1 Bh6 23. Nb6 Qg7 24. Nc3 Ng3+ 25. hxg3 fxg3 26. Be3 Qf7 27. Kg1 Qh5 28. Rfe1 Bg4 29. Bxh6 Qh2+ 30. Kf1 Bxf3 31. Be3 Qh1+ 32. Bg1 Ng4 0-1

[Event "WchT U26"]
[Site "Mendoza"]
[Date "1985.??.??"]
[Round "4"]
[White "Dlugy, Maxim"]
[Black "Yrjola, Jouni"]
[Result "1/2-1/2"]
[WhiteElo "2485"]
[BlackElo "2500"]
[PlyCount "28"]
[EventDate "1985.08.??"]
[Source "ChessBase"]

1. d4 Nf6 2. c4 g6 3. Nc3 Bg7 4. e4 d6 5. f3 O-O 6. Be3 e5 7. d5 c6 8. Bd3 b5 9. dxc6 bxc4 10. Bxc4 Nxc6 11. Nd5 Be6 12. Ne2 Bxd5 13. Bxd5 Nxd5 14. Qxd5 Ne7 1/2-1/2

[Event "Ilioupolis"]
[Site "Ilioupolis"]
[Date "1995.??.??"]
[Round "5"]
[White "Ibragimov, Ildar"]
[Black "Moutousis, Konstantinos"]
[Result "0-1"]
[WhiteElo "2520"]
[BlackElo "2465"]
[PlyCount "82"]
[EventDate "1995.??.??"]
[Source "ChessBase"]

1. d4 Nf6 2. c4 g6 3. Nc3 Bg7 4. e4 d6 5. f3 O-O 6. Be3 e5 7. d5 c6 8. Bd3 cxd5 9. cxd5 Nh5 10. Nge2 f5 11. exf5 gxf5 12. O-O Na6 13. Qd2 Nc5 14. Bc2 Bd7 15. b4 Na6 16. a3 Nc7 17. a4 Kh8 18. f4 e4 19. Bd4 Ne8 20. Nd1 Bxd4+ 21. Qxd4+ Neg7 22. Ne3 Nf6 23. Rac1 h5 24. Bb3 Kh7 25. Rc3 Rg8 26. Kh1 b6 27. Ng1 Kh6 28. h4 Ng4 29. g3 Nxe3 30. Qxe3 Qf6 31. Rfc1 Rgc8 32. Rc7 Rxc7 33. Rxc7 Qd8 34. Qc3 Kg6 35. Ne2 Ne8 36. Rc4 b5 37. Rd4 bxa4 38. Ba2 Bb5 39. Rd2 Rc8 40. Qh8 Bxe2 41. Rxe2 Qc7 0-1

[Event "Ponferrada Team Ch"]
[Site "Ponferrada"]
[Date "1992.??.??"]
[Round "?"]
[White "Pinter, Jozsef"]
[Black "Brito Garcia, Alfredo"]
[Result "1-0"]
[WhiteElo "2580"]
[BlackElo "2400"]
[PlyCount "91"]
[EventDate "1992.??.??"]
[Source "www.chesslib.no"]
[SourceDate "2004.05.04"]

1. d4 Nf6 2. c4 g6 3. Nc3 Bg7 4. e4 d6 5. f3 O-O 6. Be3 c6 7. Bd3 e5 8. d5 cxd5 9. cxd5 Nbd7 10. Nge2 Nc5 11. Bc2 a5 12. O-O Bd7 13. a3 b5 14. b4 Na6 15. Rb1 a4 16. Bd3 Nc7 17. Qd2 Rb8 18. Bg5 Na8 19. Kh1 Qe8 20. Ng3 Nb6 21. Qe2 Na8 22. Rbc1 h6 23. Be3 h5 24. Qf2 Nh7 25. f4 Qe7 26. f5 Bf6 27. Nge2 Bg5 28. Ng1 Bxe3 29. Qxe3 Rfc8 30. Nf3 Rc7 31. fxg6 fxg6 32. Rc2 Rbc8 33. Rfc1 Qf8 34. Kg1 Kg7 35. Qf2 Qe7 36. Nxb5 Rxc2 37. Rxc2 Rxc2 38. Qxc2 Bxb5 39. Bxb5 Nf6 40. h3 Qa7+ 41. Kh1 Qe3 42. Bd3 Qa7 43. Ng5 Nb6 44. Ne6+ Kh7 45. Qf2 Ng8 46. h4 1-0

[Event "Graz Open"]
[Site "Graz AUT"]
[Date "1987.??.??"]
[Round "7"]
[White "Gheorghiu, Florin"]
[Black "Kozul, Zdenko"]
[Result "1/2-1/2"]
[WhiteElo "2525"]
[BlackElo "2450"]
[PlyCount "104"]
[EventDate "1987.10.??"]
[Source "www.chesslib.no"]
[SourceDate "2004.05.04"]

1. d4 Nf6 2. c4 g6 3. Nc3 Bg7 4. e4 d6 5. f3 O-O 6. Be3 e5 7. d5 c6 8. Qd2 cxd5 9. cxd5 Ne8 10. O-O-O f5 11. Bd3 Na6 12. Nge2 Nc5 13. Bc2 a5 14. exf5 gxf5 15. h3 b5 16. Nxb5 a4 17. Nec3 Bd7 18. Na3 Qb6 19. g4 Rb8 20. Bb1 f4 21. Bf2 e4 22. fxe4 Qb4 23. Rh2 Be5 24. Bd4 Nf6 25. g5 Nh5 26. Bxe5 dxe5 27. Qe2 Ng3 28. Qc4 f3 29. Rdd2 Qxc4 30. Nxc4 Nf1 31. Rhf2 Nxd2 32. Kxd2 Bxh3 33. Ke3 Nd7 34. Nxa4 Bg2 35. b3 h6 36. gxh6 Nf6 37. Nxe5 Rbe8 38. Rxf3 Bxf3 39. Nxf3 Nxd5+ 40. Kd4 Nb4 41. Ke3 Kh7 42. Nc3 Kxh6 43. a3 Rc8 44. Ne2 Nc6 45. Bd3 Kg6 46. Ned4 Kf6 47. Nxc6 Rxc6 48. Bc4 Rh8 49. a4 Rh3 50. a5 Ke7 51. a6 Rf6 52. Be2 Rb6 1/2-1/2

[Event "RUS-Cup02"]
[Site "Moscow"]
[Date "1998.01.22"]
[Round "2"]
[White "Razuvaev, Yuri S"]
[Black "Ulko, Jaroslav"]
[Result "1/2-1/2"]
[WhiteElo "2555"]
[BlackElo "2420"]
[PlyCount "98"]
[EventDate "1998.01.21"]
[Source "ChessBase"]
[SourceDate "1998.04.09"]

1. c4 g6 2. e4 Bg7 3. d4 d6 4. Nc3 Nf6 5. f3 O-O 6. Be3 e5 7. d5 c6 8. Bd3 cxd5 9. cxd5 Nbd7 10. Nge2 a6 11. O-O Ne8 12. Rc1 f5 13. exf5 gxf5 14. b4 a5 15. a3 axb4 16. axb4 Ndf6 17. Kh1 Bd7 18. Bb5 Bxb5 19. Nxb5 Qd7 20. Qd3 Qf7 21. Rfd1 Qg6 22. Rc4 Rf7 23. Qc2 Bf8 24. Nec3 Rg7 25. Rg1 Qh5 26. Qe2 f4 27. Bf2 Rg6 28. g3 e4 29. Nxe4 Nxd5 30. Nbc3 fxg3 31. Bxg3 Nb6 32. Rd4 Bg7 33. Rd3 Qf5 34. Qd1 Ra3 35. Nd5 Rxd3 36. Ne7+ Kf7 37. Nxf5 Rxd1 38. Rxd1 d5 39. Nxg7 Rxg7 40. Nc3 Rg5 41. Bf2 Nc4 42. Nxd5 Rf5 43. Kg2 Rg5+ 44. Kh3 Rh5+ 45. Kg3 Ned6 46. Nc3 Rg5+ 47. Kh4 Rf5 48. Rd3 Kg6 49. Ne2 Ne4 1/2-1/2